000 00511nam a2200193Ia 4500
005 20250923150120.0
008 008 250917s9999 xx 000 0 eng d
037 _aTextual
040 _aDSWL
_beng
_cDSWL
041 _aeng
_2eng
084 _qDSWL
245 0 _aInternational child care : Practical manual for hospitals
_cEd. by David Southall
260 _aLondon
_bBMJ Book
_c2002
300 _a626p.
365 _aINR
_b1272
925 _g1272
942 _cTEXL
999 _c1459730
_d1459730